000 00537nam a2200157 4500
008 161007b xxu||||| |||| 00| 0 eng d
022 _a0893-8989
082 _aDPer 363.205 P75 Aug 2014- Apr 2015 v. 38-39
100 _915845
_aMains, Kenneth
245 _aInside the mind of a cold care detective/
_cKenneth Mains.
260 _aCalifornia:
_bBobit Business Media,
_cc2014-2015.
300 _av38 n10, pages 64-70;
_c28 cm.
500 _aPolice: The Law Enforcement Magazine.
650 0 _915847
_aDetectives
_x
942 _2ddc
_cPER
999 _c5075
_d5075